000 00389nam a22001337a 4500
005 20141106145324.0
008 141106b xxu||||| |||| 00| 0 eng d
050 _aBS1235.3
_bR418 2010
100 _aReno, R.R.
_912457
245 _aGenesis
_bSCM theological commentary on the bible
_cReno, R.R.
260 _aLondon
_bSCM Press
_c2010
300 _a304cm. ;
_c24cm.
942 _2lcc
_cMONOGRAPH
999 _c121191
_d121191